00839 2200337 4500001002100000005001700021008004100038020002200079035002400101040001200125041000800137082000800145090001400153100001900167245003800186250001000224260003000234300002800264600001900292650002000311990001700331990001700348990001700365990001700382990001700399990001700416990001700433990001700450990001700467990001700484YOGYA-0113000000014120130103141821.0 ind  a978-602-978-444-2 0010-011300000000141 aYOPDYOG aIND a813 a813 Zha S aZHAENAL FANANI aSujudilah cintamucZHAENAL FANANI aCet.1 aYogyakartabLaksanac2011 a264 hlmc20 cm (10 eks) aArini Hidajati aFiksi Indonesia a2350-PK/B.12 a2349-PK/B.12 a2348-PK/B.12 a2347-PK/B.12 a2346-PK/B.12 a2345-PK/B.12 a2344-PK/B.12 a2343-PK/B.12 a2342-PK/B.12 a2341-PK/B.12